| 000 | 01243nam a22003737a 4500 | ||
|---|---|---|---|
| 005 | 20241004075338.0 | ||
| 008 | 241004t ||||| |||| 00| 0 spa d | ||
| 020 | _a9786287526136 | ||
| 040 |
_aCO-BoUCM _cDavid Moreno _dDavid Moreno |
||
| 041 | _aspa | ||
| 100 | 1 |
_aAyerbe Quiñones, Fernando _9183292 |
|
| 245 | 1 |
_aAvifauna Colombiana _cFernando Ayerbe Quiñones |
|
| 246 | _aGuia Ilustrada Avifauna Colombiana | ||
| 250 | _a3a. Ed | ||
| 260 |
_aBogota, Colombia _bPanamericana Formas e Impresos S.A _c2022 |
||
| 300 |
_a459 Paginas _bilustraciones |
||
| 504 | _aIncluye referencias bibliográficas e índices | ||
| 650 | 1 | 4 |
_aAvifauna _9183293 |
| 650 | 1 | 4 |
_aAves _97326 |
| 650 | 1 | 4 |
_aBiodiversidad _910097 |
| 650 | 1 | 4 |
_aZoología _926437 |
| 650 | 1 | 4 |
_aOrnitología _920902 |
| 650 | 1 | 4 |
_aConservación _9183294 |
| 650 | 1 | 4 |
_aFauna _915604 |
| 650 | 1 | 4 |
_aEcología _913631 |
| 651 | 1 | 4 |
_aColombia _926889 |
| 700 | 1 |
_aBarragan, Andres _9183295 |
|
| 700 | 1 |
_aZuñiga, Mateo L _9183296 |
|
| 700 | 1 |
_aVillate, Angelica _9183297 |
|
| 700 | 1 |
_aRios Rodriguez, Andre _9183298 |
|
| 710 | 2 |
_aWildlife Conservation Society _9183299 |
|
| 942 |
_2DEWEY _a25 _cLIBRO _e3 _h598 _mA976a _n0 |
||
| 999 |
_c324871 _d324871 |
||